Statistics for Bands of Lucas Hicks

Click here to take the quiz!

General Stats

  • This quiz has been taken 19 times
    (4 since last reset)
  • The average score is 10 of 15

Answer Stats

Answer% Correct
No relation, suitcase, guitar and juggling. Feats!Gallus Brothers
100%
He played saxophoneJill Brazil
100%
Named after the car Luke's brother drove from Seattle to Colorado for him because lovePacer
100%
Tenor banjo+cello+bass+accordion= magicRattletrap Ruckus
100%
Steeb Russel did the artwork for this bandBeardos
67%
Lead guy's name and an underground profesionBrent Cole Miners
67%
Top Hat! Spoons, Bone ClackersCrow Quill Night Owls
67%
They sit on buckets. Timeless original accordion and clarinet.Deakin Hicks
67%
Backed up crooner of "Moonlight on the Oasis"Garden of Joy Jug Band
67%
Luke beatboxing and etc.Hicks Machine
67%
Actual bluegrass bandScrimshaw Boys
67%
Had a weekly date at the Honey Moon for 9 years. Tub bass.The Shadies
67%
Played embarcadero farmers market and weddings in San FranThe Tanglers
67%
Concept Album Band. Hick's only foray into songwriting.Colorado Luke and The Scrimshaw Boys
33%
"Funk music rarely sounded so white"Fat Albert Rotunda
0%

Score Distribution

Percentile by Number Answered

Percent of People with Each Score

Your Score History

You have not taken this quiz since the last reset